Architecture history and theory in reverse : from an information age to eras of meaning / (Record no. 5663)
[ view plain ]
| 000 -LEADER | |
|---|---|
| fixed length control field | 00585nam a2200181 ar4500 |
| 001 - CONTROL NUMBER | |
| control field | 5666 |
| 005 - DATE AND TIME OF LATEST TRANSACTION | |
| control field | 20221127091200.0 |
| 008 - FIXED-LENGTH DATA ELEMENTS--GENERAL INFORMATION | |
| fixed length control field | 301022s ||| 00010|eng d |
| 020 ## - INTERNATIONAL STANDARD BOOK NUMBER | |
| International Standard Book Number | 9781138958197 (pbk) |
| Canceled/invalid ISBN | SR128 |
| 082 04 - DEWEY DECIMAL CLASSIFICATION NUMBER | |
| Classification number | 720.1 C157 2017 |
| 100 1# - MAIN ENTRY--PERSONAL NAME | |
| Personal name | Callender, Jassen |
| 245 10 - TITLE STATEMENT | |
| Title | Architecture history and theory in reverse : from an information age to eras of meaning / |
| Statement of responsibility, etc. | Jassen Callender |
| 250 ## - EDITION STATEMENT | |
| Edition statement | 1st.ed. |
| 260 ## - PUBLICATION, DISTRIBUTION, ETC. | |
| Place of publication, distribution, etc. | New York, |
| Name of publisher, distributor, etc. | Routledge, |
| Date of publication, distribution, etc. | 2017 |
| 300 ## - PHYSICAL DESCRIPTION | |
| Extent | 261 p. |
| Other physical details | ill.col. |
| Dimensions | 23 cm. |
| 500 ## - GENERAL NOTE | |
| General note | Includes bib.references and index |
| 650 #4 - SUBJECT ADDED ENTRY--TOPICAL TERM | |
| Topical term or geographic name entry element | Architecture--Philosophy |
No items available.
